000 00729nam a2200241 a 4500
001 BRCA_6449
005 20190320205446.0
008 150110s1908----gw-a######---#000-0#ger-#
041 _ager
044 _agw
050 4 _aND588.U4
_b.R67 1908
245 1 0 _aUhde
_bdes Meisters Gemälde
_cherausgegeben von Hans Rosenhagen.
260 _aStuttgart, Alemania
_bDeutsche Verlags-Anstalt
_c1908
300 _axlix, 290 p.
_bil.
_c26 cm.
440 0 _aKlassiker der Kunst in gesamtausgaben
_v12
_916107
500 _aM50
600 1 4 _aUhde, Friedrich
_d1848-1911
_916108
650 1 4 _aPintores alemanes
_9797
650 1 4 _aPinturas alemanas
_910386
700 1 _aRonsenhagen, Hans
_eEditor
_916109
902 _aGFM
942 _2lcc
_cB
999 _c6133
_d6133